<?xml version="1.0" encoding="UTF-8"?>
<resp>
  <nextPage>https://data.bn.org.pl/api/networks/bibs.marcxml?marc=001+b1000002347950&amp;sinceId=1000002347951</nextPage>
  <collection>
    <record xmlns='http://www.loc.gov/MARC21/slim'><leader>02702namZa2200805ZiZ4500</leader><controlfield tag='001'>b1000002347950</controlfield><controlfield tag='005'>20251108084131.6</controlfield><controlfield tag='008'>220209s2011    it a         |000 0dita c</controlfield><controlfield tag='009'>9912625284005606</controlfield><datafield ind1=' ' ind2=' ' tag='015'><subfield code='a'>PZ 2011</subfield></datafield><datafield ind1=' ' ind2=' ' tag='020'><subfield code='a'>9788861020887 :</subfield><subfield code='c'>EUR 15</subfield></datafield><datafield ind1=' ' ind2=' ' tag='035'><subfield code='a'>(PL)b1000002347950</subfield></datafield><datafield ind1=' ' ind2=' ' tag='040'><subfield code='a'>WA N</subfield><subfield code='c'>WA N</subfield><subfield code='d'>WA N</subfield></datafield><datafield ind1='1' ind2=' ' tag='041'><subfield code='a'>ita</subfield><subfield code='h'>eng</subfield></datafield><datafield ind1='0' ind2=' ' tag='045'><subfield code='b'>d194309</subfield></datafield><datafield ind1=' ' ind2=' ' tag='046'><subfield code='k'>2010</subfield></datafield><datafield ind1=' ' ind2=' ' tag='080'><subfield code='8'>1.1\x</subfield><subfield code='a'>94(4/9)(0.054)</subfield></datafield><datafield ind1=' ' ind2=' ' tag='080'><subfield code='8'>1.2\x</subfield><subfield code='a'>929(0.054)</subfield></datafield><datafield ind1=' ' ind2=' ' tag='084'><subfield code='a'>02</subfield></datafield><datafield ind1='1' ind2=' ' tag='100'><subfield code='a'>Forczyk, Robert</subfield><subfield code='e'>Autor</subfield></datafield><datafield ind1='1' ind2='3' tag='245'><subfield code='a'>La liberazione di Mussolini :</subfield><subfield code='b'>Gran Sasso settembre 1943 /</subfield><subfield code='c'>Robert Forczyc ; illustrazioni di Howard Gerrard, Mariusz Kozik ; traduzione di Mauro Pascolat.</subfield></datafield><datafield ind1='1' ind2=' ' tag='246'><subfield code='i'>Tytuł oryginału:</subfield><subfield code='a'>Rescuing Mussolini :</subfield><subfield code='b'>Gran Sasso 1943,</subfield><subfield code='f'>2010</subfield></datafield><datafield ind1=' ' ind2=' ' tag='260'><subfield code='a'>Gorizia :</subfield><subfield code='b'>LEG,</subfield><subfield code='c'>2011.</subfield></datafield><datafield ind1=' ' ind2=' ' tag='300'><subfield code='a'>117 stron :</subfield><subfield code='b'>ilustracje ;</subfield><subfield code='c'>24 cm.</subfield></datafield><datafield ind1=' ' ind2=' ' tag='336'><subfield code='a'>Obraz</subfield><subfield code='b'>sti</subfield><subfield code='2'>rdacontent</subfield></datafield><datafield ind1=' ' ind2=' ' tag='336'><subfield code='a'>Tekst</subfield><subfield code='b'>txt</subfield><subfield code='2'>rdacontent</subfield></datafield><datafield ind1=' ' ind2=' ' tag='337'><subfield code='a'>Bez urządzenia pośredniczącego</subfield><subfield code='b'>n</subfield><subfield code='2'>rdamedia</subfield></datafield><datafield ind1=' ' ind2=' ' tag='338'><subfield code='a'>Wolumin</subfield><subfield code='b'>nc</subfield><subfield code='2'>rdacarrier</subfield></datafield><datafield ind1=' ' ind2=' ' tag='380'><subfield code='a'>Książki</subfield></datafield><datafield ind1=' ' ind2=' ' tag='380'><subfield code='a'>Publikacje popularnonaukowe</subfield></datafield><datafield ind1='1' ind2=' ' tag='388'><subfield code='a'>2001-</subfield></datafield><datafield ind1='1' ind2=' ' tag='490'><subfield code='a'>BAM ;</subfield><subfield code='v'>1</subfield></datafield><datafield ind1=' ' ind2=' ' tag='500'><subfield code='a'>Źródło opisu: https://www.leg.it/index.php?route=product/product&amp;product_id=53&amp;search=La+liberazione+di+Mussolini, dostęp 9.02.2022.</subfield></datafield><datafield ind1=' ' ind2=' ' tag='500'><subfield code='a'>Na okładce błędna nazwa autora, prawidłowa: Robert Forczyk.</subfield></datafield><datafield ind1='3' ind2=' ' tag='510'><subfield code='a'>BNCR online.</subfield></datafield><datafield ind1='1' ind2='7' tag='600'><subfield code='a'>Mussolini, Benito</subfield><subfield code='d'>(1883-1945)</subfield><subfield code='2'>DBN</subfield></datafield><datafield ind1='1' ind2='7' tag='600'><subfield code='a'>Skorzeny, Otto</subfield><subfield code='d'>(1908-1975)</subfield><subfield code='2'>DBN</subfield></datafield><datafield ind1=' ' ind2='7' tag='648'><subfield code='a'>1901-2000</subfield><subfield code='2'>DBN</subfield></datafield><datafield ind1=' ' ind2='7' tag='648'><subfield code='a'>1939-1945</subfield><subfield code='2'>DBN</subfield></datafield><datafield ind1=' ' ind2='7' tag='650'><subfield code='a'>II wojna światowa (1939-1945)</subfield><subfield code='2'>DBN</subfield></datafield><datafield ind1=' ' ind2='7' tag='650'><subfield code='a'>Operacja Eiche (1943)</subfield><subfield code='2'>DBN</subfield></datafield><datafield ind1=' ' ind2='7' tag='650'><subfield code='a'>Przywódcy i głowy państw</subfield><subfield code='2'>DBN</subfield></datafield><datafield ind1=' ' ind2='7' tag='651'><subfield code='a'>Włochy</subfield><subfield code='2'>DBN</subfield></datafield><datafield ind1=' ' ind2='7' tag='655'><subfield code='a'>Opracowanie</subfield><subfield code='2'>DBN</subfield></datafield><datafield ind1=' ' ind2=' ' tag='658'><subfield code='a'>Historia</subfield></datafield><datafield ind1=' ' ind2=' ' tag='658'><subfield code='a'>Bezpieczeństwo i wojskowość</subfield></datafield><datafield ind1='1' ind2=' ' tag='700'><subfield code='a'>Kozik, Mariusz</subfield><subfield code='d'>(1973- )</subfield><subfield code='e'>Ilustracje</subfield></datafield><datafield ind1='1' ind2=' ' tag='700'><subfield code='a'>Gerrard, Howard</subfield><subfield code='e'>Ilustracje</subfield></datafield><datafield ind1='1' ind2=' ' tag='700'><subfield code='a'>Pascolat, Mauro</subfield><subfield code='e'>Tłumaczenie</subfield></datafield><datafield ind1=' ' ind2='0' tag='830'><subfield code='a'>BAM : Biblioteca di arte militare</subfield><subfield code='v'>1</subfield></datafield><datafield ind1=' ' ind2=' ' tag='852'><subfield code='b'>48OMNIS_NETWORK</subfield><subfield code='8'>9912625284005606</subfield></datafield><datafield ind1=' ' ind2=' ' tag='852'><subfield code='b'>48OMNIS_NLOP</subfield><subfield code='8'>991052979951105066</subfield></datafield><datafield ind1=' ' ind2=' ' tag='920'><subfield code='a'>978-88-6102-088-7 : EUR 15</subfield></datafield></record>
  </collection>
</resp>
